Sports Quiz

Random Sports Quiz

3000, 1000, 1000 and 10 Cowboys Quiz Stats

 Plays Quiz not verified by Sporcle

Challenge
Share
Tweet
Embed
Score 0/105 Timer 06:00
0 Plays Today
Hint Answer % Correct
4903 pass yds 2012Tony Romo
98.6%
4483 pass yds 2009Tony Romo
98.6%
4211 pass yds 2007Tony Romo
98.6%
4184 pass yds 2011Tony Romo
98.6%
3828 pass yds 2013Tony Romo
98.6%
3705 pass yds 2014Tony Romo
98.6%
3586 pass yds 1979Roger Staubach
98.6%
3448 pass yds 2008Tony Romo
98.6%
3445 pass yds 1992Troy Aikman
98.6%
3304 pass yds 1995Troy Aikman
98.6%
3283 pass yds 1997Troy Aikman
98.6%
3190 pass yds 1978Roger Staubach
98.6%
3126 pass yds 1996Troy Aikman
98.6%
3100 pass yds 1993Troy Aikman
98.6%
1773 rush yds 1995Emmitt Smith
98.6%
1713 rush yds 1992Emmitt Smith
98.6%
1563 rush yds 1991Emmitt Smith
98.6%
1486 rush yds 1993Emmitt Smith
98.6%
1484 rush yds 1994Emmitt Smith
98.6%
1397 rush yds 1999Emmitt Smith
98.6%
1332 rush yds 1998Emmitt Smith
98.6%
1204 rush yds 1996Emmitt Smith
98.6%
1203 rush yds 2000Emmitt Smith
98.6%
1074 rush yds 1997Emmitt Smith
98.6%
1021 rush yds 2001Emmitt Smith
98.6%
1603 rec yds 1995Michael Irvin
97.1%
1523 rec yds 1991Michael Irvin
97.1%
1396 rec yds 1992Michael Irvin
97.1%
1330 rec yds 1993Michael Irvin
97.1%
1241 rec yds 1994Michael Irvin
97.1%
1180 rec yds 1997Michael Irvin
97.1%
1057 rec yds 1998Michael Irvin
97.1%
1845 rush yds 2014DeMarco Murray
95.7%
1124 rush yds 2013DeMarco Murray
95.7%
1382 rec yds 2012Dez Bryant
95.7%
Hint Answer % Correct
1320 rec yds 2014Dez Bryant
95.7%
1233 rec yds 2013Dez Bryant
95.7%
1646 rush yds 1981Tony Dorsett
94.2%
1325 rush yds 1978Tony Dorsett
94.2%
1321 rush yds 1983Tony Dorsett
94.2%
1307 rush yds 1985Tony Dorsett
94.2%
1189 rush yds 1984Tony Dorsett
94.2%
1185 rush yds 1980Tony Dorsett
94.2%
1107 rush yds 1979Tony Dorsett
94.2%
1007 rush yds 1977Tony Dorsett
94.2%
3980 pass yds 1983Danny White
92.8%
3287 pass yds 1980Danny White
92.8%
3157 pass yds 1985Danny White
92.8%
3098 pass yds 1981Danny White
92.8%
12.5 sacks 1983 Randy White
92.8%
12.5 sacks 1984Randy White
92.8%
10.5 sacks 1985Randy White
92.8%
1631 rush yds 2016Ezekiel Elliott
90.9%
1145 rec yds 2007Jason Witten
89.9%
1039 rec yds 2012Jason Witten
89.9%
1030 rec yds 2009Jason Witten
89.9%
1002 rec yds 2010Jason Witten
89.9%
20 sacks 2008DeMarcus Ware
88.4%
19.5 sacks 2011DeMarcus Ware
88.4%
15.5 sacks 2010DeMarcus Ware
88.4%
14 sacks 2007DeMarcus Ware
88.4%
11.5 sacks 2006DeMarcus Ware
88.4%
11.5 sacks 2012 DeMarcus Ware
88.4%
11 sacks 2009DeMarcus Ware
88.4%
1084 rush yds 2006Julius Jones
85.5%
13 sacks 1985Ed Jones
85.5%
10 sacks 1987Ed Jones
85.5%
3639 pass yds 2005Drew Bledsoe
84.1%
3302 pass yds 2003Quincy Carter
84.1%
1320 rec yds 2009Miles Austin
81.2%
Hint Answer % Correct
1041 rec yds 2010Miles Austin
81.2%
1514 rush yds 1988Herschel Walker
76.8%
1355 rec yds 2007Terrell Owens
76.8%
1180 rec yds 2006Terrell Owens
76.8%
1052 rec yds 2008Terrell Owens
76.8%
1089 rush yds 2015Darren McFadden
75.4%
3667 pass yds 2016Dak Prescott
72.7%
3532 pass yds 2004Vinny Testaverde
63.8%
1087 rec yds 1974Drew Pearson
63.8%
1026 rec yds 1979Drew Pearson
63.8%
1142 rush yds 1973Calvin Hill
59.4%
1036 rush yds 1972Calvin Hill
59.4%
1113 rec yds 1985Tony Hill
59.4%
1062 rec yds 1979Tony Hill
59.4%
1055 rec yds 1980Tony Hill
59.4%
1232 rec yds 1966Bob Hayes
55.1%
1003 rec yds 1968Bob Hayes
55.1%
12.5 sacks 1994Charles Haley
50.7%
10.5 sacks 1995Charles Haley
50.7%
1136 rec yds 2005Terry Glenn
49.3%
1047 rec yds 2006Terry Glenn
49.3%
3139 pass yds 1988Steve Pelluer
34.8%
14 sacks 1986Jim Jeffcoat
29%
12 sacks 1985Jim Jeffcoat
29%
11.5 sacks 1984Jim Jeffcoat
29%
11.5 sacks 1989Jim Jeffcoat
29%
10.5 sacks 1992Jim Jeffcoat
29%
12.5 sacks 2007Greg Ellis
24.6%
1097 rec yds 1999Raghib Ismail
21.7%
1043 rec yds 1962Frank Clarke
15.9%
1009 rec yds 1968Lance Rentzel
15.9%
12 sacks 1996Tony Tolbert
14.5%
11 sacks 2012Anthony Spencer
11.6%
11 sacks 2013Jason Hatcher
7.2%
10.5 sacks 1983Anthony Dickerson
5.8%

You're not logged in!

Compare scores with friends on all Sporcle quizzes.
Join for Free
OR
Log In

You Might Also Like...

Show Comments

Extras

Created Sep 9, 2016ReportNominate
Tags:1000, 3000, cowboy

Top Quizzes Today


Score Distribution

Your Account Isn't Verified!

In order to create a playlist on Sporcle, you need to verify the email address you used during registration. Go to your Sporcle Settings to finish the process.

Report this User

Report this user for behavior that violates our Community Guidelines.

Details: